Child development / (Record no. 7902)

MARC details
000 -LEADER
fixed length control field 00583cam a22002052 4500
001 - CONTROL NUMBER
control field 0000009403
005 - DATE AND TIME OF LATEST TRANSACTION
control field 20151217152054.0
008 - FIXED-LENGTH DATA ELEMENTS--GENERAL INFORMATION
fixed length control field 081020s xx 000 0 eng d
020 ## - INTERNATIONAL STANDARD BOOK NUMBER
International Standard Book Number 9966441565 :
Terms of availability KES 300
040 ## - CATALOGING SOURCE
Original cataloging agency KABU
Transcribing agency KABU
100 1# - MAIN ENTRY--PERSONAL NAME
Personal name Kiminyo, Daniel M.
-- 0000160825
245 10 - TITLE STATEMENT
Title Child development /
Statement of responsibility, etc. Daniel M. Kiminyo.
250 ## - EDITION STATEMENT
Edition statement 2nd ed.
260 ## - PUBLICATION, DISTRIBUTION, ETC. (IMPRINT)
Place of publication, distribution, etc. Nairobi :
Name of publisher, distributor, etc. ERAP,
Date of publication, distribution, etc. 2007.
300 ## - PHYSICAL DESCRIPTION
Extent xii, 107 p.
650 #0 - SUBJECT ADDED ENTRY--TOPICAL TERM
Topical term or geographic name as entry element Child development.
-- 0000148112
650 #0 - SUBJECT ADDED ENTRY--TOPICAL TERM
General subdivision Child psychology.
908 ## - PUT COMMAND PARAMETER (RLIN)
Put command parameter 081020
Holdings
Withdrawn status Lost status Source of classification or shelving scheme Not for loan Home library Current library Date acquired Total Checkouts Full call number Barcode Date last seen Price effective from Koha item type Cost, normal purchase price Copy number Date last checked out
    Library of Congress Classification   Kabarak, Main Campus Kabarak, Main Campus 17/12/2015   BF721 .K56 2007 c. 2 15023 17/12/2015 17/12/2015 General Collection      
    Library of Congress Classification   Kabarak, Main Campus Kabarak, Main Campus 17/12/2015   BF721 .K56 2007 15024 17/12/2015 17/12/2015 Africana Collection      
    Library of Congress Classification   Kabarak, Main Campus Kabarak, Main Campus 06/08/2018   BF721 .K56 2007 c. 3 024765 02/08/2024 17/12/2015 General Collection 464.00 c. 3  
    Library of Congress Classification   Kabarak, Main Campus Kabarak, Main Campus 06/08/2018 1 BF721 .K56 2007 c. 4 025876 02/08/2024 17/12/2015 General Collection 464.00 c. 4 05/02/2020
    Library of Congress Classification   Kabarak, Main Campus Kabarak, Main Campus 06/08/2018   BF721 .K56 2007 c. 5 025877 02/08/2024 17/12/2015 General Collection 464.00 c. 5  
Designed with assistance from East African Informatics Ltd